000 00649cam a22002293a 4500
001 4211
003 PGUSA
005 20140828083050.0
008 030701s2003||||xxu|||||s|||||000 1 eng d
040 _aPGUSA
_beng
042 _adc
050 4 _aPS
100 1 _aNorris, Kathleen Thompson,
_d1880-1966
245 1 4 _aThe Treasure
_h[electronic resource] /
_cKathleen Thompson Norris
260 _bProject Gutenberg,
_c2003
506 _aPublic domain in the USA.
516 _aElectronic text
653 _aAmerican fiction -- 20th century
830 0 _aProject Gutenberg
_v4211
856 4 0 _uhttp://www.gutenberg.org/ebooks/4211
942 _cEB
999 _c233540
_d233540